Microbiology: An evolving science (Record no. 311243)

MARC details
000 -LEADER
fixed length control field 00545 a2200217 4500
005 - DATE & TIME
control field 20240520111707.0
008 - FIXED-LENGTH DATA ELEMENTS--GENERAL INFORMATION
fixed length control field 240520b |||||||| |||| 00| 0 eng d
020 ## - ISBN
International Standard Book Number 9780393892888
Price $ 85.00
040 ## - CATALOGING SOURCE
Original cataloging agency VIVEKANANDA LIBRARY
082 ## - DDC NUMBER
Classification number 576
Book Number S54M(6)
100 ## - MAIN ENTRY--PERSONAL NAME
Personal name Slonczewski, Joan L
245 ## - TITLE STATEMENT
Title Microbiology: An evolving science
250 ## - EDITION STATEMENT
Edition statement 6th
260 ## - PUBLICATION, DISTRIBUTION, ETC. (IMPRINT)
Name of publisher, distributor, etc W.W. Norton
Date of publication, distribution, etc 2024
Place of publication, distribution, etc New York
300 ## - PHYSICAL DESCRIPTION
Pages xxxiv, 1266
650 ## - Subject
Subject Microbiology
650 ## - Subject
Subject Biochemistry
700 ## - Added Entry Personal Name
Added Entry Personal Name Foster, John W
700 ## - Added Entry Personal Name
Added Entry Personal Name Zinser, Erik R
942 ## - ADDED ENTRY ELEMENTS (KOHA)
Koha item type Books
Holdings
Withdrawn status Lost status Source of classification or shelving scheme Damaged status Not for loan Location (home branch) Sublocation or collection (holding branch) Date acquired Koha issues (times borrowed) Koha full call number Accession No. Koha date last seen Koha item type
    Dewey Decimal Classification     VIVEKANANDA LIBRARY VIVEKANANDA LIBRARY 16/03/2024   576 S54M(6) 440229 16/03/2024 Books
© Designed and Maintained by Vivekananda Library, MDU Rohtak